| 000 | 00786nam a2200229 a 4500 | ||
|---|---|---|---|
| 005 | 20240601063730.0 | ||
| 008 | 070509s2005 mx r 000 0 spa d | ||
| 020 | _a9507017771 | ||
| 035 | _aUPN01000150244 | ||
| 049 | _aCG | ||
| 050 | 4 |
_aLB1051 _bV9.6 |
|
| 100 | 1 |
_aVygotski, Lev Semynovich, _d1896-1934 |
|
| 245 | 1 | 0 |
_aPsicología pedagógica : _bun curso breve / _cLiev Semiónovich Vigotski ; tr. Guillermo Black. |
| 260 |
_aBuenos Aires : _bAique, _c2005. |
||
| 300 | _a502 p. | ||
| 440 | 0 | _aPsicología cognitiva y educación | |
| 534 |
_pTítulo original: _tPedagoguícheskaia Psijologuia. Kratki Kurs |
||
| 590 | _a(También localizas un ejemplar en el "Area de Reserva") | ||
| 590 | _aBibliografía Básica (BGTQ) | ||
| 650 | 4 |
_aPsicopedagogía _95085 |
|
| 905 | _aLibro | ||
| 999 |
_c122385 _d122385 |
||